| 000 | 00959nam a2200241 4500 | ||
|---|---|---|---|
| 001 | 120083 | ||
| 003 | ES-MaACL | ||
| 005 | 20250508214046.0 | ||
| 007 | t| | ||
| 008 | 070214s1924 cu r ||||1| spa d | ||
| 080 | _a12 Piñeyro, Enrique | ||
| 245 | 0 | 0 |
_aBibliografía de Enrique Piñeyro / _ccon una introducción, notas y un complemento por Domingo Figarola-Caneda. |
| 260 |
_aLa Habana : _bAcademia de la Historia : _bEl Siglo XX, _c1924. |
||
| 300 |
_aXXVIII, 98 p. ; _c28 x 21 cm. |
||
| 530 | _aDisponible en formato digital | ||
| 600 | 0 | 4 |
_aPiñeyro, Enrique. _992287 |
| 700 | 1 |
_aFigarola-Caneda, Domingo. _950736 _epbl |
|
| 710 | 2 |
_aAcademia de la Historia de Cuba. _91183 _eedt |
|
| 852 |
_aES-MaACL _j1679-F-12 _cDEPOF _zRevisado enlace: 02 de Abril de 2025 _9124561 |
||
| 856 |
_uhttps://bdh-rd.bne.es/viewer.vm?id=0000041946&page=1 _yVersión en línea _z(Biblioteca Digital Hispánica) |
||
| 942 | _2udc | ||
| 999 |
_c120083 _d120083 |
||